Stardew Valley villagers - Statistics

General Stats
  • This quiz has been taken 220 times
  • The average score is 29 of 45
Answer Stats
Answer % Correct
Sam
90%
Abigail
88%
Penny
88%
Sebastian
88%
Emily
86%
Shane
86%
Haley
83%
Leah
83%
Pierre
83%
Robin
83%
Lewis
81%
Maru
81%
Alex
80%
Caroline
79%
Marnie
79%
Pam
77%
Demetrius
76%
Harvey
76%
Jas
76%
Vincent
76%
Jodi
73%
Kent
73%
Wizard
73%
Gus
72%
Willy
72%
Clint
71%
Krobus
71%
Elliott
69%
George
66%
Linus
64%
Evelyn
62%
Gunther
61%
Dwarf
58%
Sandy
58%
Leo
49%
Marlon
41%
Morris
35%
Mr Qi
32%
Gil
31%
Grandpa
21%
Bouncer
20%
Birdie
19%
Governor
16%
Henchman
16%
Professor Snail
11%
No matching quizzes found
Score Distribution
Percent of People with Each Score
Percentile by Number Answered
Your Score History
You have not taken this quiz